000 00252nam a2200097Ia 4500
001 800500
005 20250826171020.0
008 250824s9999 xx 000 0 und d
245 0 _aSELÇUKLU TARİHİ -4
_cZEHRA AYGÜL
260 _bUĞUR BÖCEĞİ YAYINLARI
999 _c800500
_d800500